| 000 | 00684nam a22001817i 4500 | ||
|---|---|---|---|
| 999 |
_c22977 _d22977 |
||
| 003 | AR-CdUCM | ||
| 008 | 240812b20222022 pe||||| |||| 00| 0 spa d | ||
| 040 |
_aMUNICIPALIDAD PROVINCIAL DEL CUSCO _cBIBLIOTECA MUNICIPAL DEL CUSCO |
||
| 082 |
_aEP / 803 / E76B _bE76B |
||
| 100 |
_aEscalante Salazar, Raúl. _950167 |
||
| 245 |
_aMago Blanco : _bCuentos fantásticos para niños y no tan niños / |
||
| 260 |
_aCusco : _bChamo editores, _c2022 |
||
| 300 |
_a84 páginas. : _c20 cm. |
||
| 505 | _aProcesión de gatos -- Legaña de perro -- Calaverita López -- Pepo y el muki -- El cuco Cuquín | ||
| 650 |
_aCuentos infantiles _950168 |
||
| 942 |
_2ddc _cLIBROS |
||
| 945 |
_apbj _d2024-08-12 |
||